000 00222 a2200097 4500
001 58534
100 _a
245 _aConquering constipation
260 _aBombay
_bJaico publishing house
_c
090 _c35906
_d35906
942 _aNUST-CAE
_cMONOGRAPH
_c28787
999 _c293607
_d293607